000 01616nam a2200337 i 4500
003 DO-SdBNP
005 20240306073903.0
007 ta
008 091118s2000 dr ac 000 0 spa d
020 _a848261326X
040 _aDO-SdBNP
_bspa
_cBNPHU
_erda
082 4 _a373.832
_bM828c, 2020, 1er.
_222
100 _929769
_aMorales, Marcos,
_eautor
245 0 0 _aCívica 1 :
_bdeberes y derechos de los dominicanos ; educación media, 1er curso / primer ciclo
_cMarcos Morales ; dirección editorial, Obdulia García de Escobar ; editora, Margarita Castro Catrain ; ilustraciones, Ruddy Núñez.
264 _aSanto Domingo :
_bSantillana,
_c2000
300 _a119 páginas :
_bilustraciones, retratos ;
_c28 cm.
336 _2rdacontent
_atexto
_btxt
337 _2rdamedia
_asin mediación
_bn
338 _2rdacarrier
_avolumen
_bnc
490 _aÁmbar
500 _aPrimero de bachillerato. 1er. curso / Primer ciclo
500 _aEste libro ha sido realizado de conformidad con el currículum vigente y ha sido sometido a la aprobacin de la SEE
500 _aLa dignidad humana. Las personas y el derecho. Las personas y las instituciones. Las normas de las instituciones. El trabajo, la salud y la educación. Los movimientos sociales.
590 _aInventariado, 2023 /LP
650 4 _aEducación cívica
_zRepública Dominicana
_977502
700 1 _aGarcía Escobar, Obdulia de
_edirección editorial
_929220
700 1 _aCastro Catrain, Margarita,
_eeditora
_929221
700 1 _aNúñez, Ruddy,
_eilustraciones
_923171
910 _aLoPérez/Validado. Control de calidad MFF
942 _2ddc
_cLBS1
999 _c53876
_d53876